[Event "St-Chély d'Aubrac op"]
[Site "Saint-Chély d'Aubrac (12)"]
[Date "2008.07.16"]
[Round "6.20"]
[White "Cuq, Christian"]
[Black "Barillet, Lucien"]
[Result "1/2-1/2"]
[WhiteElo "1680"]
[BlackElo "1750"]
[PlyCount "87"]
[EventDate "2008.07.??"]
[EventType "swiss"]
[EventRounds "9"]
[EventCountry "FRA"]

1. e4 c5 2. Nf3 d6 3. a3 Nf6 4. Nc3 a6 5. Bc4 e6 6. O-O Be7 7. d4 cxd4 8. Nxd4
Qc7 9. Be2 Nbd7 10. f4 b5 11. Bf3 Bb7 12. Re1 O-O 13. Kh1 Rad8 14. Qe2 Nb6 15.
Nd1 d5 16. e5 Ne4 17. Be3 Nc4 18. c3 Bh4 19. Rf1 Qc8 20. b3 Nxe3 21. Qxe3 f5
22. Bxe4 dxe4 23. Rc1 Bd5 24. Nb2 Be7 25. b4 Bc4 26. Nxc4 Qxc4 27. Qe2 Kf7 28.
Qxc4 bxc4 29. a4 g5 30. g3 Rc8 31. Rc2 Rfd8 32. b5 axb5 33. axb5 g4 34. Rb1 Bc5
35. Nc6 Rd3 36. Na5 Bb6 37. Nb7 Ke7 38. Rcc1 e3 39. Nd6 Rc7 40. Rb2 Rc5 41. Re2
Kd7 42. Rcc2 Rcd5 43. Nxc4 Rd1+ 44. Kg2 1/2-1/2

[Event "St-Chély d'Aubrac op"]
[Site "Saint-Chély d'Aubrac (12)"]
[Date "2008.07.16"]
[Round "6.21"]
[White "Manser, Lucas"]
[Black "Meyer, Bernard"]
[Result "1-0"]
[WhiteElo "1740"]
[BlackElo "1370"]
[PlyCount "41"]
[EventDate "2008.07.??"]
[EventType "swiss"]
[EventRounds "9"]
[EventCountry "FRA"]

1. e4 e5 2. Nf3 Nc6 3. Nc3 Nf6 4. d4 exd4 5. Nxd4 Be7 6. Bc4 d6 7. Be3 O-O 8.
f3 Bd7 9. Qd2 Ne5 10. Be2 c6 11. g4 b5 12. a3 Nc4 13. Bxc4 bxc4 14. h4 Nxg4 15.
fxg4 Bxh4+ 16. Bf2 Bxf2+ 17. Qxf2 Bxg4 18. Nxc6 Qd7 19. Qh4 h5 20. Ne7+ Kh7 21.
Qxh5+ 1-0

[Event "St-Chély d'Aubrac op"]
[Site "Saint-Chély d'Aubrac (12)"]
[Date "2008.07.16"]
[Round "6.22"]
[White "Marie, Olivier"]
[Black "Martinez, Loic"]
[Result "1-0"]
[WhiteElo "1520"]
[BlackElo "1737"]
[PlyCount "91"]
[EventDate "2008.07.??"]
[EventType "swiss"]
[EventRounds "9"]
[EventCountry "FRA"]

1. d4 Nf6 2. c4 e6 3. Nc3 Bb4 4. Nf3 b6 5. Qc2 Bb7 6. Bd2 O-O 7. h3 Bxc3 8.
Bxc3 Ne4 9. e3 f5 10. O-O-O a5 11. Be1 a4 12. Ne5 d6 13. Nd3 Qe7 14. h4 c5 15.
f3 Nf6 16. Nf2 Nc6 17. Nh3 Nb4 18. Bxb4 cxb4 19. Bd3 b5 20. Kb1 Rfc8 21. Qe2
Nh5 22. cxb5 Ng3 23. Qd2 Nxh1 24. Rxh1 b3 25. Nf2 bxa2+ 26. Kxa2 Bd5+ 27. Ka3
Bb3 28. g3 d5+ 29. Qb4 Qxb4+ 30. Kxb4 Kf7 31. Re1 Bc2 32. Rc1 a3 33. b3 Bxd3
34. Nxd3 Rxc1 35. Nxc1 a2 36. Nxa2 Rxa2 37. b6 Ra8 38. Kb5 Ke7 39. b7 Rb8 40.
Kc6 Kd8 41. b4 g6 42. f4 h6 43. b5 e5 44. fxe5 g5 45. hxg5 hxg5 46. e6 1-0

[Event "St-Chély d'Aubrac op"]
[Site "Saint-Chély d'Aubrac (12)"]
[Date "2008.07.16"]
[Round "6.23"]
[White "Causse, Michel"]
[Black "Saucey, Milena"]
[Result "1/2-1/2"]
[WhiteElo "1380"]
[BlackElo "1580"]
[PlyCount "34"]
[EventDate "2008.07.??"]
[EventType "swiss"]
[EventRounds "9"]
[EventCountry "FRA"]

1. d4 d5 2. c4 Nf6 3. Nc3 Nc6 4. Bg5 e6 5. e3 Bb4 6. Qc2 h6 7. Bh4 g5 8. Bg3
Ne4 9. Nge2 Nxc3 10. bxc3 Bd6 11. Bxd6 Qxd6 12. c5 Qe7 13. Nc1 Bd7 14. Be2
O-O-O 15. Rb1 Na5 16. Nb3 Nxb3 17. axb3 Qe8 1/2-1/2

[Event "St-Chély d'Aubrac op"]
[Site "Saint-Chély d'Aubrac (12)"]
[Date "2008.07.16"]
[Round "6.24"]
[White "Schneider, Martin"]
[Black "Seewer, Kevin"]
[Result "0-1"]
[WhiteElo "1199"]
[BlackElo "1399"]
[PlyCount "39"]
[EventDate "2008.07.??"]
[EventType "swiss"]
[EventRounds "9"]
[EventCountry "FRA"]

1. e4 e5 2. Bc4 Nf6 3. Nc3 Bb4 4. d3 O-O 5. Bd2 Bxc3 6. Bxc3 Nc6 7. Ne2 d5 8.
Bxd5 Nxd5 9. exd5 Qxd5 10. O-O b6 11. f4 Bb7 12. Bxe5 Nxe5 13. Rf2 Ng4 14. Rf3
Qh5 (14... Ne3 $1) 15. Rh3 Qd5 16. Rf3 Rfe8 17. c4 Qe6 18. Rg3 Nh6 19. Nd4 Qf6
20. Nb5 0-1

[Event "St-Chély d'Aubrac op"]
[Site "Saint-Chély d'Aubrac (12)"]
[Date "2008.07.16"]
[Round "6.25"]
[White "Nusse, Melchior"]
[Black "Darnis, Lucas"]
[Result "1/2-1/2"]
[WhiteElo "1250"]
[BlackElo "1310"]
[PlyCount "45"]
[EventDate "2008.07.??"]
[EventType "swiss"]
[EventRounds "9"]
[EventCountry "FRA"]

1. e4 e5 2. Nf3 Nc6 3. Bb5 a6 4. Bxc6 dxc6 5. Nxe5 Qd4 6. Ng4 Qxe4+ 7. Ne3 Bc5
8. Nc3 Qe7 9. d3 Bd4 10. Bd2 Nf6 11. O-O O-O 12. h3 b5 13. a3 a5 14. b3 b4 15.
axb4 axb4 16. Rxa8 bxc3 17. Bc1 Nd5 18. Nxd5 cxd5 19. Ba3 c5 20. Ra4 Qg5 21.
Qf3 Qd2 22. Rc1 Re8 23. Kf1 1/2-1/2

[Event "St-Chély d'Aubrac op"]
[Site "Saint-Chély d'Aubrac (12)"]
[Date "2008.07.16"]
[Round "6.26"]
[White "Schneider, Alec"]
[Black "Rateau, Cyprien"]
[Result "1/2-1/2"]
[WhiteElo "1199"]
[BlackElo "1340"]
[PlyCount "50"]
[EventDate "2008.07.??"]
[EventType "swiss"]
[EventRounds "9"]
[EventCountry "FRA"]

1. e4 e5 2. Nf3 Nc6 3. Bb5 Nf6 4. d3 Bd6 5. Bg5 a6 6. Ba4 O-O 7. Nc3 Re8 8. Nd5
Be7 9. Nxe7+ Qxe7 10. O-O h6 11. Bh4 b5 12. Bb3 a5 13. Bd5 Bb7 14. Qd2 Nd8 15.
Bxb7 Nxb7 16. Qc3 d6 17. Bxf6 Qxf6 18. Qxc7 Nc5 19. Qc6 Rab8 20. Qd5 Qe6 21.
Qxe6 Nxe6 22. Nh4 g6 23. g3 Rbc8 24. Rac1 Nd4 25. Kg2 Rxc2 1/2-1/2

[Event "St-Chély d'Aubrac op"]
[Site "Saint-Chély d'Aubrac (12)"]
[Date "2008.07.16"]
[Round "6.27"]
[White "Colombo, Maceo"]
[Black "Caparros, Nina"]
[Result "0-1"]
[WhiteElo "1099"]
[BlackElo "1199"]
[PlyCount "64"]
[EventDate "2008.07.??"]
[EventType "swiss"]
[EventRounds "9"]
[EventCountry "FRA"]

1. e4 c5 2. Nf3 Nc6 3. Bc4 g6 4. O-O Bg7 5. d3 Nf6 6. Bf4 O-O 7. Nc3 e6 8. Nb5
Ne8 9. Nd6 a6 10. Bg5 Qc7 11. Bf4 Qb6 12. Rb1 Nf6 13. Ng5 Qa5 14. h3 Nd4 15. e5
Ne8 16. c3 Nc6 17. d4 cxd4 18. cxd4 Nxd6 19. exd6 Nxd4 20. Be3 Nf5 21. Bd3 Nxe3
22. fxe3 Qxg5 23. Qg4 Qxe3+ 24. Kh1 Qxd3 25. Rbd1 Qc2 26. h4 b5 27. h5 Bb7 28.
Rg1 Qxb2 29. Kh2 Rac8 30. hxg6 fxg6 31. Rb1 Qxa2 32. Ra1 Bxa1 0-1

[Event "St-Chély d'Aubrac op"]
[Site "Saint-Chély d'Aubrac (12)"]
[Date "2008.07.17"]
[Round "7.1"]
[White "Sokolov, Andrei"]
[Black "Riff, Jean-Noel"]
[Result "1/2-1/2"]
[WhiteElo "2561"]
[BlackElo "2481"]
[PlyCount "29"]
[EventDate "2008.07.??"]
[EventType "swiss"]
[EventRounds "9"]
[EventCountry "FRA"]

1. e4 c5 2. Nf3 d6 3. d4 cxd4 4. Nxd4 Nf6 5. Nc3 e6 6. Be2 Be7 7. O-O O-O 8.
Be3 Nc6 9. f4 e5 10. Nb3 exf4 11. Bxf4 Be6 12. Kh1 d5 13. exd5 Nxd5 14. Nxd5
Qxd5 15. Qxd5 1/2-1/2

[Event "St-Chély d'Aubrac op"]
[Site "Saint-Chély d'Aubrac (12)"]
[Date "2008.07.17"]
[Round "7.2"]
[White "Furrer, Marc"]
[Black "Degraeve, Jean-Marc"]
[Result "0-1"]
[WhiteElo "2121"]
[BlackElo "2523"]
[PlyCount "46"]
[EventDate "2008.07.??"]
[EventType "swiss"]
[EventRounds "9"]
[EventCountry "FRA"]

1. d4 e6 2. e4 d5 3. exd5 exd5 4. Nf3 Bg4 5. Be2 Bd6 6. O-O Nc6 7. Re1 Nge7 8.
Nbd2 Qd7 9. c4 dxc4 10. Nxc4 Be6 11. Ne3 O-O 12. g3 Bb4 13. Bd2 Rad8 14. Bc3
Ba5 15. Qd2 Bb6 16. Red1 h6 17. h4 Rfe8 18. Bd3 Nd5 19. Bc2 Nxe3 20. fxe3 Bd5
21. Nh2 Qh3 22. Nf1 Nxd4 23. Bxd4 Bxd4 0-1

[Event "St-Chély d'Aubrac op"]
[Site "Saint-Chély d'Aubrac (12)"]
[Date "2008.07.17"]
[Round "7.3"]
[White "Nass, Emile"]
[Black "Karpatchev, Aleksandr"]
[Result "0-1"]
[WhiteElo "2105"]
[BlackElo "2460"]
[PlyCount "112"]
[EventDate "2008.07.??"]
[EventType "swiss"]
[EventRounds "9"]
[EventCountry "FRA"]

1. d4 d5 2. c4 dxc4 3. e4 Nc6 4. Nf3 Bg4 5. d5 Ne5 6. Bf4 Ng6 7. Be3 e5 8. Bxc4
a6 9. Be2 Nf6 10. Nfd2 Bd7 11. Nc3 Bd6 12. Rc1 O-O 13. O-O b5 14. a3 Qe7 15.
Re1 Rfb8 16. Qc2 a5 17. Ncb1 b4 18. axb4 axb4 19. Nb3 Nf4 20. Bf3 Ng4 21. Bxg4
Bxg4 22. f3 Bd7 23. N1d2 Qf6 24. Nc4 Ba4 25. Ra1 h6 26. Bxf4 Qxf4 27. Qd3 Bb5
28. Qc2 Kh7 29. Nca5 Ra6 30. Qc1 Qf6 31. Nc5 Raa8 32. Nab3 Be7 33. Qd2 Qb6 34.
Qxb4 Rxa1 35. Rxa1 Be2 36. Qxb6 Rxb6 37. Rc1 Rb4 38. Kf2 Bc4 39. Rc3 Bh4+ 40.
g3 Be7 41. Ke3 g5 42. Nd3 Bxd3 43. Kxd3 Bd6 44. Kc2 Ra4 45. Nd2 Ra1 46. Nb1 h5
47. Ra3 Bxa3 48. Nxa3 Kg8 49. Nb5 Kf8 (49... Ra5 50. Na3) 50. Nxc7 Ke7 51. b4
Kd7 52. Nb5 Ra2+ 53. Kd3 Rxh2 54. Nc3 Rg2 55. b5 h4 56. gxh4 gxh4 0-1

[Event "St-Chély d'Aubrac op"]
[Site "Saint-Chély d'Aubrac (12)"]
[Date "2008.07.17"]
[Round "7.4"]
[White "Saucey, Michel"]
[Black "Muller, Anne"]
[Result "1-0"]
[WhiteElo "2348"]
[BlackElo "2179"]
[PlyCount "77"]
[EventDate "2008.07.??"]
[EventType "swiss"]
[EventRounds "9"]
[EventCountry "FRA"]

1. d4 Nf6 2. c4 e6 3. g3 Bb4+ 4. Bd2 Qe7 5. Bg2 O-O 6. Nf3 Nc6 7. O-O Bxd2 8.
Qxd2 d6 9. Nc3 e5 10. d5 Nb8 11. e4 a5 12. Ne1 Na6 13. Nd3 Nd7 14. f4 f6 15.
Rae1 Nac5 16. Nf2 Nb6 17. Qe2 Bd7 18. b3 Rae8 19. f5 c6 20. g4 Rc8 21. Qb2 Be8
22. Re3 Bf7 23. Rg3 cxd5 24. exd5 a4 25. Re1 axb3 26. axb3 Ra8 27. Bf1 Nbd7 28.
Nb5 Rfc8 29. Nd4 h6 30. b4 Na4 31. Qb3 Nf8 32. Ne6 Be8 33. Ne4 Bf7 34. h4 Nh7
35. Ra1 Nb6 36. Rxa8 Rxa8 37. c5 dxc5 38. bxc5 Na4 39. d6 1-0

[Event "St-Chély d'Aubrac op"]
[Site "Saint-Chély d'Aubrac (12)"]
[Date "2008.07.17"]
[Round "7.5"]
[White "Kiecken, Jean-Marc"]
[Black "Netzer, Jacques"]
[Result "1/2-1/2"]
[WhiteElo "1978"]
[BlackElo "2116"]
[PlyCount "53"]
[EventDate "2008.07.??"]
[EventType "swiss"]
[EventRounds "9"]
[EventCountry "FRA"]

1. c4 Nf6 2. Nf3 g6 3. Nc3 Bg7 4. g3 O-O 5. Bg2 d6 6. O-O Nc6 7. d3 e5 8. Bg5
h6 9. Bxf6 Bxf6 10. Rb1 (10. Nd5 e4 11. Nxf6+ Qxf6 12. dxe4 Qxb2) 10... Bg7 11.
b4 f5 12. Nd5 g5 13. b5 Ne7 14. Nd2 Ng6 15. e3 f4 16. Qh5 Nh8 17. Be4 Be6 18.
Nf3 Bf5 19. Nd2 (19. Bxf5 Rxf5 20. exf4 exf4 21. Rfe1 Rf7 22. gxf4 gxf4) 19...
Bxe4 20. Nxe4 Qd7 21. exf4 (21. Qxh6 Bxh6 22. Nef6+ Kg7 23. Nxd7 Rf7 24. Nxc7
Rc8 (24... Rxd7 25. Nxa8) 25. Ne6+ Kg6) 21... c6 22. bxc6 bxc6 23. Ne3 exf4 24.
Ng4 Qe6 25. Rfe1 (25. Rb7 Qg6 26. Qxg6 Nxg6 27. f3 d5 28. cxd5 cxd5 29. Nd6)
25... Qg6 26. Qxg6 Nxg6 27. f3 1/2-1/2

[Event "St-Chély d'Aubrac op"]
[Site "Saint-Chély d'Aubrac (12)"]
[Date "2008.07.17"]
[Round "7.6"]
[White "Muheim, Sebastien"]
[Black "Joli, Laurent"]
[Result "1-0"]
[WhiteElo "2013"]
[BlackElo "1911"]
[PlyCount "57"]
[EventDate "2008.07.??"]
[EventType "swiss"]
[EventRounds "9"]
[EventCountry "FRA"]

1. d4 e6 2. c4 b6 3. Nc3 Bb7 4. e4 d6 5. f3 Nd7 6. Be3 c5 7. Nge2 Rc8 8. Qd2
Be7 9. d5 e5 10. Ng3 g6 11. Bd3 Bh4 12. O-O-O Bf6 13. h4 h5 14. Nge2 Bg7 15. g4
hxg4 16. fxg4 Bf6 17. g5 Bg7 18. Ng3 f6 19. h5 fxg5 20. hxg6 Rxh1 21. Rxh1 Qf6
22. Nf5 a6 23. Be2 Nb8 24. Bxg5 Qf8 25. Rh7 Rc7 26. Nxg7+ Rxg7 27. Bh6 Nxh6 28.
Qxh6 Rg8 29. Qxf8+ 1-0

[Event "St-Chély d'Aubrac op"]
[Site "Saint-Chély d'Aubrac (12)"]
[Date "2008.07.17"]
[Round "7.7"]
[White "Stepenko, Roman"]
[Black "Baeumlin, Francois"]
[Result "1-0"]
[WhiteElo "1580"]
[BlackElo "1995"]
[PlyCount "151"]
[EventDate "2008.07.??"]
[EventType "swiss"]
[EventRounds "9"]
[EventCountry "FRA"]

1. e4 c5 2. Nf3 Nc6 3. d4 cxd4 4. Nxd4 g6 5. Be3 Bg7 6. Nc3 Nf6 7. Bc4 Qa5 8.
O-O O-O 9. Nb3 Qc7 10. Kh1 Ne5 11. Be2 Nc4 12. Bxc4 Qxc4 13. Qd3 Qc7 14. f3 d6
15. Qd2 b6 16. Bh6 Bxh6 17. Qxh6 Bd7 18. Rfd1 b5 19. a3 a5 20. Qd2 Rfc8 21. h3
Rab8 22. Rac1 Bc6 23. Nd4 Nd7 24. Nxc6 Qxc6 25. Nd5 Re8 26. Qxa5 Ne5 27. Qc3
Qxc3 28. Nxc3 Nc4 29. Rb1 b4 30. axb4 Rxb4 31. Nd5 Rxb2 32. Rxb2 Nxb2 33. Rb1
Na4 34. Rb7 Kf8 35. Kg1 Nc5 36. Ra7 e6 37. Nf6 Rb8 38. Nxh7+ Kg7 39. Ng5 Rb7
40. Rxb7 Nxb7 41. Kf2 Nc5 42. h4 Na6 43. Ke3 Nb4 44. Kd2 Kf6 45. Nh3 Nc6 46. c3
Ne5 47. Nf2 Nc4+ 48. Kd3 Nb2+ 49. Kd4 Na4 50. Ng4+ Kg7 51. Ne3 Kf6 52. c4 Nc5
53. Ng4+ Ke7 54. e5 Nb3+ 55. Kc3 Nc1 56. exd6+ Kxd6 57. Kb4 Nd3+ 58. Kb5 f5 59.
Ne3 f4 60. Ng4 Ne1 61. c5+ Kc7 62. Ne5 Nxg2 63. Nxg6 Ne1 64. Nxf4 Nxf3 65.
Nxe6+ Kd7 66. Nf8+ Ke8 67. Ng6 Kf7 68. h5 Nd4+ 69. Kb6 Kg7 70. Nf4 Kh6 71. Kc7
Kg5 72. Kd7 Kf6 73. h6 Nf5 74. c6 Ne7 75. c7 Nd5 76. Nxd5+ 1-0

[Event "St-Chély d'Aubrac op"]
[Site "Saint-Chély d'Aubrac (12)"]
[Date "2008.07.17"]
[Round "7.8"]
[White "Labarthe, Arnaud"]
[Black "Desboeufs, Alexandre"]
[Result "1/2-1/2"]
[WhiteElo "1899"]
[BlackElo "2026"]
[PlyCount "25"]
[EventDate "2008.07.??"]
[EventType "swiss"]
[EventRounds "9"]
[EventCountry "FRA"]

1. d4 d5 2. Bf4 e6 3. e3 Nf6 4. Bd3 Bd6 5. Bg3 c5 6. c3 b6 7. Qe2 Bb7 8. Nd2
Nc6 9. Ngf3 Qc7 10. Bh4 Be7 11. Bg3 Bd6 12. Bh4 Be7 13. Bg3 1/2-1/2

[Event "St-Chély d'Aubrac op"]
[Site "Saint-Chély d'Aubrac (12)"]
[Date "2008.07.17"]
[Round "7.13"]
[White "Manser, Lucas"]
[Black "Guillaumat, Jean-Pierre"]
[Result "1/2-1/2"]
[WhiteElo "1740"]
[BlackElo "1969"]
[PlyCount "105"]
[EventDate "2008.07.??"]
[EventType "swiss"]
[EventRounds "9"]
[EventCountry "FRA"]

1. e4 c5 2. d3 g6 3. g3 Bg7 4. Bg2 Nc6 5. f4 d6 6. Nf3 Bg4 7. Nbd2 Qd7 8. h3
Bxf3 9. Nxf3 Nf6 10. O-O O-O 11. c3 Rad8 12. Nh2 b5 13. g4 b4 14. f5 bxc3 15.
bxc3 d5 16. Qe2 dxe4 17. dxe4 Ne5 18. Nf3 Qd3 19. Qxd3 Nxd3 20. Nh2 Nd7 21. Bd2
N7e5 22. Bg5 f6 23. Bh4 Bh6 24. Nf3 Be3+ 25. Kh1 g5 26. Bg3 Nxf3 27. Rxf3 Bf4
28. Bxf4 Nxf4 29. Bf1 Rd2 30. Bc4+ Kg7 31. Rb1 Rfd8 32. Re1 Rb2 33. a4 Rdd2 34.
Bf1 a5 35. Kg1 Kf8 36. Kh1 Ke8 37. Rfe3 e5 38. fxe6 Ke7 39. e5 fxe5 40. Rxe5
Rd5 41. Rxd5 Nxd5 42. c4 Nf4 43. Kg1 Nxe6 44. Bd3 Kf6 45. Bxh7 Nf4 46. Re8
Nxh3+ 47. Kf1 Nf4 48. Ra8 Rb4 49. Rxa5 Rxc4 50. Rb5 Rxa4 51. Rxc5 Ra1+ 52. Kf2
Rh1 53. Bf5 1/2-1/2

[Event "St-Chély d'Aubrac op"]
[Site "Saint-Chély d'Aubrac (12)"]
[Date "2008.07.17"]
[Round "7.11"]
[White "Duffau, Pascal"]
[Black "Griggio, Jean-Paul"]
[Result "1-0"]
[WhiteElo "2019"]
[BlackElo "1798"]
[PlyCount "111"]
[EventDate "2008.07.??"]
[EventType "swiss"]
[EventRounds "9"]
[EventCountry "FRA"]

1. Nf3 Nf6 2. c4 c5 3. Nc3 Nc6 4. d4 cxd4 5. Nxd4 g6 6. e4 d6 7. Be2 Bg7 8. Be3
Ne5 9. O-O O-O 10. Kh1 Bd7 11. f4 Neg4 12. Bg1 Qc8 13. Qd3 a6 14. a4 e5 15. Nc2
Bc6 16. h3 Nh6 17. g4 Nhxg4 18. hxg4 Nxg4 19. Nb4 exf4 20. Rxf4 Ne5 21. Qg3 Qe6
22. Nbd5 Rac8 23. Raf1 f5 24. exf5 gxf5 25. Kh2 Ng6 26. Bd4 Be5 27. Bxe5 dxe5
28. Rxf5 Rxf5 29. Rxf5 Rf8 30. Rxf8+ Kxf8 31. Bd3 Nf4 32. Nxf4 exf4 33. Qxf4+
Kg7 34. Ne4 Qg6 35. b3 h5 36. Qe5+ Kf8 37. Qf6+ Qxf6 38. Nxf6 Bf3 39. Bc2 Ke7
40. Kg3 Bh1 41. Nxh5 Kd6 42. Nf6 Ke5 43. Nd5 Kd4 44. Kf4 Bxd5 45. cxd5 Kxd5 46.
Ke3 b5 47. Kd3 Kc5 48. Kc3 bxa4 49. bxa4 a5 50. Be4 Kb6 51. Kc4 Ka6 52. Kc5 Ka7
53. Kb5 Kb8 54. Kxa5 Ka7 55. Bd5 Kb8 56. Kb6 1-0

[Event "St-Chély d'Aubrac op"]
[Site "Saint-Chély d'Aubrac (12)"]
[Date "2008.07.17"]
[Round "7.12"]
[White "Paris, Yannick"]
[Black "Lagunes, Jean-Renaud"]
[Result "0-1"]
[WhiteElo "1793"]
[BlackElo "2047"]
[PlyCount "76"]
[EventDate "2008.07.??"]
[EventType "swiss"]
[EventRounds "9"]
[EventCountry "FRA"]

1. e4 d5 2. exd5 Qxd5 3. Nc3 Qa5 4. d4 Nf6 5. Bd3 Bg4 6. f3 Bh5 7. Nge2 e6 8.
O-O c6 9. Bf4 Nbd7 10. Rb1 Be7 11. Qd2 O-O 12. Bc4 Bg6 13. Nd5 Qd8 14. Nxe7+
Qxe7 15. Nc3 b5 16. Bb3 Nb6 17. Rbe1 Qd7 18. Be5 c5 19. a3 c4 20. Ba2 Nfd5 21.
Nxd5 Qxd5 22. Rd1 a5 23. Bb1 Ra7 24. c3 Rd8 25. Bxg6 hxg6 26. Rfe1 Na4 27. Re2
Rad7 28. Qf4 Nc5 29. Bc7 Nd3 30. Qg3 Ra8 31. Bf4 b4 32. axb4 axb4 33. h4 Ra2
34. Rdd2 Rb7 35. Qg5 Qxg5 36. Bxg5 Ra1+ 37. Kh2 b3 38. Be7 Rxe7 0-1

[Event "St-Chély d'Aubrac op"]
[Site "Saint-Chély d'Aubrac (12)"]
[Date "2008.07.17"]
[Round "7.10"]
[White "Rabier, Jean"]
[Black "Huin, Eric"]
[Result "1/2-1/2"]
[WhiteElo "1914"]
[BlackElo "1956"]
[PlyCount "87"]
[EventDate "2008.07.??"]
[EventType "swiss"]
[EventRounds "9"]
[EventCountry "FRA"]

1. e4 e5 2. Nf3 Nc6 3. Bb5 a6 4. Bxc6 dxc6 5. O-O Qd6 6. d4 exd4 7. Nxd4 Bd7 8.
Ne2 O-O-O 9. Qxd6 Bxd6 10. Bf4 f6 11. Bxd6 cxd6 12. Rd1 Bg4 13. f3 Bh5 14. c4
Ne7 15. Nbc3 Bf7 16. b3 g5 17. Rac1 Kb8 18. Rc2 Rhe8 19. Rcd2 Kc7 20. Ng3 Bg6
21. Nf1 h5 22. Ne3 f5 23. c5 dxc5 24. Rxd8 Rxd8 25. Rxd8 Kxd8 26. Nc4 fxe4 27.
Nxe4 Bxe4 28. fxe4 Ng6 29. g3 b5 30. Nb2 Ne5 31. a4 c4 32. bxc4 bxc4 33. Nd1
Nd3 34. Nc3 Ke7 35. Kf1 Kd6 36. Ke2 Ke5 37. Ke3 a5 38. Ne2 c5 39. Nc3 g4 40.
Nd1 Nb4 41. Nc3 Nc2+ 42. Kd2 Nd4 43. Ke3 Nf3 44. h4 1/2-1/2

[Event "St-Chély d'Aubrac op"]
[Site "Saint-Chély d'Aubrac (12)"]
[Date "2008.07.17"]
[Round "7.14"]
[White "Carno, Matthias"]
[Black "Messinger, Karl"]
[Result "1/2-1/2"]
[WhiteElo "1956"]
[BlackElo "1703"]
[PlyCount "89"]
[EventDate "2008.07.??"]
[EventType "swiss"]
[EventRounds "9"]
[EventCountry "FRA"]

1. d4 Nf6 2. c4 e6 3. Nc3 Bb4 4. e3 O-O 5. Bd3 d6 6. Nge2 Qe7 7. O-O Bxc3 8.
Nxc3 e5 9. Qc2 Nbd7 10. b3 h6 11. Ba3 b6 12. Ne4 (12. f3 exd4 13. exd4 Qe3+ 14.
Kh1 Qxd4 15. Nb5) (12. Nb5 c5) 12... Bb7 13. d5 Nxe4 14. Bxe4 Nc5 15. Bxc5 (15.
Bf5 g6 16. b4) 15... bxc5 16. g3 Bc8 17. Bf5 Qf6 18. Bxc8 Rfxc8 19. Rae1 Qg6
20. Qxg6 fxg6 21. f4 Re8 22. g4 Re7 23. f5 gxf5 24. Rxf5 Rf8 25. Kg2 (25. Ref1
Ref7 26. Rxf7 Rxf7 27. h4 Rxf1+ 28. Kxf1 Kf7 29. Kf2 Kf6 30. Kf3 g6 31. a3 a5
32. Kg3 Ke7 (32... g5 33. hxg5+ hxg5)) 25... Rxf5 26. gxf5 a5 27. Kg3 Kf7 28.
h4 Kf6 29. e4 Re8 30. Kg4 Ra8 31. Kh5 a4 32. Re3 axb3 33. axb3 Ra3 (33... Ra2
34. Rg3 Re2) 34. Rg3 Kf7 35. Rg6 Rxb3 36. f6 gxf6 37. Rxh6 (37. Kxh6 Re3 38. h5
(38. Rg7+ Kf8 39. h5 (39. Rxc7 Rxe4 40. Kg6 Rxh4 41. Kxf6 Ke8) 39... Rxe4 40.
Rxc7) 38... Rxe4 39. Rg7+ Kf8 40. Rxc7 Rg4) 37... Rg3 38. Rh7+ Rg7 39. Rxg7+
Kxg7 40. Kg4 Kg6 41. h5+ Kh6 42. Kh4 Kg7 43. Kg3 Kh7 44. Kh4 Kg7 45. Kg4
1/2-1/2

[Event "St-Chély d'Aubrac op"]
[Site "Saint-Chély d'Aubrac (12)"]
[Date "2008.07.17"]
[Round "7.15"]
[White "Mayet, Lucas"]
[Black "Boulier, Rene"]
[Result "1/2-1/2"]
[WhiteElo "1695"]
[BlackElo "1924"]
[PlyCount "87"]
[EventDate "2008.07.??"]
[EventType "swiss"]
[EventRounds "9"]
[EventCountry "FRA"]

1. d4 Nf6 2. c4 c5 3. d5 b5 4. cxb5 a6 5. Nc3 axb5 6. Nxb5 Ba6 7. Nc3 d6 8. Nf3
g6 9. g3 Nbd7 10. Bg2 Bg7 11. O-O O-O 12. Re1 Ng4 13. h3 Nge5 14. Qc2 Qb6 15.
b3 Nxf3+ 16. Bxf3 Rfb8 17. Bd2 Ne5 18. Bg2 c4 19. Rab1 cxb3 20. Rxb3 Qc7 21.
Rxb8+ Rxb8 22. Rc1 Rc8 23. Qa4 Nc4 24. Bf4 Qb7 25. Ne4 Bb5 26. Qb3 Qa6 27. Bf1
Nb6 28. Rxc8+ Nxc8 29. Nc3 Bc4 30. Qc2 Bxc3 31. Qxc3 Qxa2 32. e3 Nb6 33. Bh6 f6
34. Bxc4 Qxc4 35. Qa5 Nxd5 36. Qd8+ Kf7 37. Qf8+ Ke6 38. Qg8+ Kd7 39. Qxh7 Qd3
40. Bg7 Nxe3 41. fxe3 Qxe3+ 42. Kg2 Qe2+ 43. Kg1 Qe3+ 44. Kg2 1/2-1/2

[Event "St-Chély d'Aubrac op"]
[Site "Saint-Chély d'Aubrac (12)"]
[Date "2008.07.17"]
[Round "7.16"]
[White "Marie, Olivier"]
[Black "Robert, Thierry"]
[Result "1-0"]
[WhiteElo "1520"]
[BlackElo "1862"]
[PlyCount "107"]
[EventDate "2008.07.??"]
[EventType "swiss"]
[EventRounds "9"]
[EventCountry "FRA"]

1. d4 Nf6 2. Nc3 e6 3. e4 d6 4. Nf3 Be7 5. Be2 Nc6 6. Bf4 Bd7 7. O-O O-O 8. Rc1
a6 9. e5 Ne8 10. Ne4 f6 11. exd6 Nxd6 12. Nxd6 cxd6 13. c3 e5 14. dxe5 dxe5 15.
Bg3 Be6 16. Qc2 Rc8 17. Qb1 Qa5 18. a3 Kh8 19. h3 Rcd8 20. Bd1 f5 21. Bc2 e4
22. Rfe1 Bg8 23. Bh4 Bxh4 24. Nxh4 g5 25. b4 Qxa3 26. Nxf5 Rxf5 27. Bxe4 Re5
28. Re3 Qa2 29. Bxh7 Qxb1 30. Bxb1 Rxe3 31. fxe3 Bc4 32. Be4 Kg7 33. Bf3 Kf6
34. Kf2 Ne5 35. Kg3 Nc6 36. h4 gxh4+ 37. Kxh4 Rd3 38. e4 Ne5 39. Kg3 Kg5 40.
Rc2 Bb3 41. Rc1 Nxf3 42. gxf3 Rd1 (42... Bd1) 43. Rxd1 Bxd1 44. f4+ Kf6 45. Kf2
b6 46. Ke3 Ke6 47. Kd4 Kd6 48. f5 Bc2 49. e5+ Kd7 50. f6 Ke6 51. c4 Ba4 52. c5
b5 (52... bxc5+ 53. bxc5) 53. c6 Bb3 54. Kc5 1-0

[Event "St-Chély d'Aubrac op"]
[Site "Saint-Chély d'Aubrac (12)"]
[Date "2008.07.17"]
[Round "7.17"]
[White "Desboeufs, Claude"]
[Black "Lagunes, Robin"]
[Result "0-1"]
[WhiteElo "1564"]
[BlackElo "1825"]
[PlyCount "100"]
[EventDate "2008.07.??"]
[EventType "swiss"]
[EventRounds "9"]
[EventCountry "FRA"]

1. c4 d6 2. Nc3 g6 3. d4 Bg7 4. e4 Nf6 5. Be2 c6 6. Bf4 Nbd7 7. Nf3 O-O 8. Qd2
Re8 9. Bh6 Bh8 10. h3 e5 11. d5 cxd5 12. Nxd5 Nxd5 13. Qxd5 Nf6 14. Qd3 Qb6 15.
b3 Bd7 16. O-O Rad8 17. g4 a5 18. Rab1 Bc6 19. Nd2 Qc7 20. g5 Nd7 21. Qg3 Nc5
22. f3 Ne6 23. Rf2 Nf4 24. Nf1 Bd7 25. Rh2 Bxh3 26. Kf2 Bxf1 27. Kxf1 Qc5 28.
Qf2 Qa3 29. Qb6 Qxa2 30. Rd1 Qc2 31. Rxd6 Rxd6 32. Qxd6 Qxb3 33. Qd7 Ra8 34.
Qd6 Nxe2 35. Rxe2 Qxf3+ 36. Ke1 Qc3+ 37. Rd2 Qe3+ 38. Kd1 Qb3+ 39. Ke1 Qb4 40.
Qd5 Qe7 41. Rb2 Bg7 42. Rxb7 Qe8 43. Rxf7 Qxf7 44. Qxa8+ Qf8 45. Qxf8+ Bxf8 46.
Bxf8 Kxf8 47. Kd2 Ke7 48. c5 Kd7 49. Kc3 Kc6 50. Kc4 a4 0-1

[Event "St-Chély d'Aubrac op"]
[Site "Saint-Chély d'Aubrac (12)"]
[Date "2008.07.17"]
[Round "7.18"]
[White "Tanguy, Fabien"]
[Black "Cuq, Christian"]
[Result "1-0"]
[WhiteElo "2062"]
[BlackElo "1680"]
[PlyCount "73"]
[EventDate "2008.07.??"]
[EventType "swiss"]
[EventRounds "9"]
[EventCountry "FRA"]

1. b4 Nf6 2. Bb2 d6 3. c4 Bf5 4. Nf3 Nbd7 5. d3 e5 6. e4 Bg4 7. Be2 Be7 8. Nc3
Nh5 9. Nd5 c6 10. Ne3 Bxf3 11. Bxf3 Nf4 12. g3 Ne6 13. O-O Nf6 14. Nf5 Qc7 15.
a4 Bf8 16. b5 g6 17. Ne3 Nd4 18. Bg2 Bg7 19. f4 O-O 20. Bxd4 exd4 21. Nc2 c5
22. Qd2 Rab8 23. a5 a6 24. b6 Qd7 25. h3 Kh8 26. Ne1 Rfe8 27. Kh2 Re7 28. Bf3
Rbe8 29. Bd1 Qc8 30. Ba4 Rd8 31. Nf3 Bh6 32. Rae1 Qb8 33. g4 d5 34. e5 Nh5 35.
gxh5 f6 36. hxg6 fxe5 37. Nxe5 1-0